Т. 7, № 1; Наноматериалы и наноструктуры

Xehetasun bibliografikoak
Parent link:Наноматериалы и наноструктуры: научный журнал. Т. 7, № 1.— , 2013-
Hizkuntza:errusiera
Argitaratua: 2016
Formatua: MixedMaterials Liburua
KOHA link:https://koha.lib.tpu.ru/cgi-bin/koha/opac-detail.pl?biblionumber=563762

MARC

LEADER 00000nam2a2200000 4500
001 563762
005 20231101123528.0
035 |a (RuTPU)RU\TPU\prd\259444 
090 |a 563762 
100 |a 20160620a20099999k y0rusy50 ca 
101 0 |a rus 
102 |a RU 
200 0 |a Т. 7, № 1 
210 |d 2016 
461 1 |0 (RuTPU)RU\TPU\prd\166838  |t Наноматериалы и наноструктуры  |o научный журнал  |v Т. 7, № 1  |d 2013- 
801 0 |a RU  |b 63413507  |c 20010227  |g PSBO 
801 1 |a RU  |b 63413507  |c 20160620 
801 2 |a RU  |b 63413507  |c 20230524  |g RCR 
942 |c BK 
999 |a НТБ_ТПУ  |b НФ  |e -1/20160111  |p П-9485  |s 6/20151117  |u 0,00  |v 1